000 00291nam a22001337a 4500
008 170810b xxu||||| |||| 00| 0 eng d
020 _a9780138758578
041 _aeng
080 _a004
100 _a35
101 _aSHKI
245 _aVISUAL BASIC 5.0
_cSCHNEIDER, D.I
942 _2udc
_cBK
999 _c23119
_d23119